5HLuxD.jpg

KING HENRY VIII SENIOR AND PRIMARY SCHOOL LIBRARY OPAC

The Usborne illustrated dictionary of maths / (Record no. 332)

000 -LEADER
fixed length control field 01108pam a2200349 a 4500
001 - CONTROL NUMBER
control field 019378752
003 - CONTROL NUMBER IDENTIFIER
control field UkOxU
005 - DATE AND TIME OF LATEST TRANSACTION
control field 20190806140047.0
008 - FIXED-LENGTH DATA ELEMENTS--GENERAL INFORMATION
fixed length control field 120224r20062003enka j 001 0 eng|d
015 ## - NATIONAL BIBLIOGRAPHY NUMBER
National bibliography number GBB220864
Source bnb
020 ## - INTERNATIONAL STANDARD BOOK NUMBER
International Standard Book Number 9781409546962 (pbk.) :
020 ## - INTERNATIONAL STANDARD BOOK NUMBER
International Standard Book Number 1409546969 (pbk.) :
035 ## - SYSTEM CONTROL NUMBER
System control number (Uk)016039472
040 ## - CATALOGING SOURCE
Original cataloging agency StDuBDS
Language of cataloging eng
Transcribing agency StDuBDS
Modifying agency Uk
042 ## - AUTHENTICATION CODE
Authentication code ukblcatcopy
082 04 - DEWEY DECIMAL CLASSIFICATION NUMBER
Classification number 510 LAR
Edition number 23
100 1# - MAIN ENTRY--PERSONAL NAME
Personal name Large, Tori.
Relator term author
245 14 - TITLE STATEMENT
Title The Usborne illustrated dictionary of maths /
Statement of responsibility, etc. Tori Large ; designed and illustrated by Adam Constantine ; edited by Kirsteen Rogers.
246 18 - VARYING FORM OF TITLE
Title proper/short title Illustrated dictionary of maths
260 ## - PUBLICATION, DISTRIBUTION, ETC.
Place of publication, distribution, etc. London :
Name of publisher, distributor, etc. Usborne,
Date of publication, distribution, etc. 2006.
300 ## - PHYSICAL DESCRIPTION
Extent 128 p. :
Other physical details col. ill. ;
Dimensions 24 cm.
500 ## - GENERAL NOTE
General note Originally published: 2003.
500 ## - GENERAL NOTE
General note Includes index.
500 ## - GENERAL NOTE
General note Formerly CIP.
Institution to which field applies Uk
521 2# - TARGET AUDIENCE NOTE
Target audience note Key Stage 3.
521 2# - TARGET AUDIENCE NOTE
Target audience note Key Stage 4.
650 #0 - SUBJECT ADDED ENTRY--TOPICAL TERM
Topical term or geographic name entry element Mathematics
Form subdivision Juvenile literature.
700 1# - ADDED ENTRY--PERSONAL NAME
Personal name Constantine, Adam.
Relator term Illustrator
700 1# - ADDED ENTRY--PERSONAL NAME
Personal name Rogers, Kirsteen.
Relator term Editor
942 ## - ADDED ENTRY ELEMENTS (KOHA)
Source of classification or shelving scheme
Koha item type Books - Non Ficton
Holdings
Withdrawn status Lost status Source of classification or shelving scheme Damaged status Not for loan Collection code Permanent Location Current Location Shelving location Date acquired Total Checkouts Full call number Barcode Date last seen Date last checked out Price effective from Koha item type
          Non-Fiction KH8 Senior School Library KH8 Senior School Library Non Fiction 2019-08-06 2 510 LAR 3KHSL000100171 2024-02-15 2024-02-01 2019-08-06 Books - Non Ficton

Powered By KH8 IT Dept